Interpretação no direito tributário : (Record no. 384)

MARC details
000 -LÍDER
Campo Fixo de Controle 00985nam a2200253 a 4500
001 - NÚMERO DE CONTROLE
Campo de Controle 384
003 - IDENTIFICAÇÃO DO NÚMERO DE CONTROLE
Campo de Controle BR-CuiBMT
005 - DATA E HORA DA ÚLTIMA ATUALIZAÇÃO
Campo de Controle 20231129142827.0
008 - DADOS FIXOS
Dados Fixos 231103s2004 spba 000 0 por d
020 ## - INTERNATIONAL STANDARD BOOK NUMBER
Nº do ISBN 8522438552
040 ## - AGÊNCIA CATALOGADORA
Código da Agência Catalogadora BR-CuiBMT
Agência que transcreveu o registro BR-CuiBMT
080 ## - Nº DA CLASSIFICAÇÃO DECIMAL UNIVERSAL
Nº Class. CDU 34:336.2
Nº edição CDU 2007
090 ## - NÚMERO DE CHAMADA
Nº classificação 34:336.2
Cutter C345i
100 1# - ENTRADA PRINCIPAL -- AUTOR PESSOAL
Nome pessoal Cassone, Vittorio,
Datas associadas ao nome 1939-
245 10 - TÍTULO PRINCIPAL
Título principal Interpretação no direito tributário :
Subtítulo teoria e prática /
Indicação de responsabilidade Vittorio Cassone.
260 ## - PUBLICAÇÃO, DISTRIBUIÇÃO, ETC.
Local de publicação São Paulo :
Editora Atlas,
Data 2004.
300 ## - DESCRIÇÃO FÍSICA
N. páginas ou volumes 492 p. ;
Dimensões 22 cm
500 ## - NOTAS GERAIS
Notas gerais Interpretações adotadas pelo STF ; Interpretação constitucional do direito tributário ; Critérios de interpretação no CTN ; Doutrina nacional e estrangeira ; Estudo de casos práticos.
504 ## - NOTA DE BIBLIOGRAFIA, ETC.
Nota de bibliografia Inclui índice.
650 ## - ASSUNTO TÓPICO
Cabeçalho tópico ou nome geográfico Direito tributário
Subdivisão geral Aspectos constitucionais
Subdivisão geográfica Brasil
650 ## - ASSUNTO TÓPICO
Cabeçalho tópico ou nome geográfico Constituição federal
Subdivisão geral Tributação
Subdivisão geográfica Brasil
650 ## - ASSUNTO TÓPICO
Cabeçalho tópico ou nome geográfico Direito tributário
Subdivisão geral Interpretação e construção
Subdivisão geográfica Brasil
942 ## - ELEMENTOS DE ENTRADA ADICIONAIS (KOHA)
Fonte de classificação ou esquema de arquivamento Classificação Decimal Universal
Tipo de item do Koha Livros
Holdings
Estado: removido Estado: perdido Fonte de classificação ou esquema de arquivamento Estado: danificado Indisponível para empréstimo Localização permanente Localização atual Data de aquisição Total Checkouts Número de Chamada completo Código de barras Date last seen Número do exemplar Preço efetivo a partir de Tipo de item (Koha)
    Classificação Decimal Universal     Biblioteca da Escola Superior de Contas do TCE/MT Biblioteca da Escola Superior de Contas do TCE/MT 02/04/2013   34:336.2 C345i BIBTCEMT23110656 16/11/2023 Ex. 1 16/11/2023 Livros
    Classificação Decimal Universal     Biblioteca da Escola Superior de Contas do TCE/MT Biblioteca da Escola Superior de Contas do TCE/MT 02/04/2013   34:336.2 C345i BIBTCEMT23110658 16/11/2023 Ex. 2 16/11/2023 Livros

Powered by Koha